Brazylijscy piłkarze - nagła śmierć - Statystyki

Ogólne statystyki
  • Ten quiz został rozwiązany 379 razy
  • Średni wynik to 10 z 14
Answers on the Grid
Answers color-coded by a green-red scale on the quiz's grid according to % correct below.
Neymar Jr
David Villa
Carlos Tévez
Thiago Silva
Hernán Crespo
Casemiro
Luis Suárez
Roberto Firmino
Diogo Costa
Philippe Coutinho
Gabriel Jesus
Fernando Torres
Marquinhos
David Luiz
Sergio Agüero
Willian
Nuno Mendes
Douglas Costa
Cafu
Kaká
Javier Hernández
Antonio Valencia
Fernandinho
Ricardo Carvalho
Alex Sandro
Carlos Bacca
Juan Mata
Victor Valdés
 
Statystyki odpowiedzi
Odpowiedź % Poprawnych
Neymar Jr
100%
Casemiro
81%
Thiago Silva
80%
Roberto Firmino
75%
Marquinhos
71%
Cafu
70%
Gabriel Jesus
69%
Kaká
67%
Philippe Coutinho
66%
Fernandinho
65%
David Luiz
63%
Willian
54%
Alex Sandro
51%
Douglas Costa
47%
Nie znaleziono quizów pasujących do podanych kryteriów
Rozkład punktacji
Procent ludzi z każdym wynikiem
Percentyl według liczby udzielonych odpowiedzi
Twoja historia wyników
Nie rozwiązałeś tego quizu